| 000 | 00444nam a22001697a 4500 | ||
|---|---|---|---|
| 003 | MPLRDC | ||
| 005 | 20220104143940.0 | ||
| 008 | 210129b ||||| |||| 00| 0 eng d | ||
| 082 | _a051.4 K1KC 2001 | ||
| 100 | _a姚雅琴主编 | ||
| 245 |
_a吉隆坡坤成校友会自置会所落成志庆 _c |
||
| 250 | _a初版 | ||
| 260 |
_a _b坤成校友会 _c2001 |
||
| 300 | _b平 | ||
| 650 | _a学术纪要、学刊 | ||
| 942 |
_cBK _o051.4 K1KC 2001 |
||
| 999 |
_c44929 _d44919 |
||